000 00460nam a2200169Ia 4500
003 GCL
008 140319s9999 xx 000 0 ara d
040 _aGCL /
_cGCL
082 0 4 _aط
_b813.087
_bع ا
100 1 _aعمار المطلبى
245 1 0 _aالارض الغاضبة (الجزء الثانى) /
_cعمار المطلبى
490 _a
650 0 4 _aالاطفال
650 0 4 _aالقصص
650 0 4 _aقصص الاطفال
942 _2ddc
_cBK
999 _c44766
_d44766